Normal view
MARC view
Entry Personal Name
001 - CONTROL NUMBER
- control field: 33090
003 - CONTROL NUMBER IDENTIFIER
- control field: dpl
005 - DATE AND TIME OF LATEST TRANSACTION
- control field: 20110818163132.0
008 - FIXED-LENGTH DATA ELEMENTS
- fixed length control field: 110818|||a|||||| | ||| d
040 ## - CATALOGING SOURCE
- Original cataloging agency: dpl
- Transcribing agency: dpl
100 ## - HEADING--PERSONAL NAME
- Personal name: पवार, दया
670 ## - SOURCE DATA FOUND
- Source citation: Work cat.: (dpl)38087: पवार, दया, अछूत / , 2010
670 ## - SOURCE DATA FOUND
- Source citation: Work cat.: (dpl)38087: पवार, दया, अछूत / , 2010
